Normal view MARC view
  • Shaffer, Jim G.,

Entry Personal Name

Number of records used in: 3

001 - CONTROL NUMBER

  • control field: 3944

003 - CONTROL NUMBER IDENTIFIER

  • control field: NUST

005 - DATE AND TIME OF LATEST TRANSACTION

  • control field: 20170817110916.0

008 - FIXED-LENGTH DATA ELEMENTS

  • fixed length control field: 170817|| aca||aabn | a|a d

040 ## - CATALOGING SOURCE

  • Original cataloging agency: NUST
  • Transcribing agency: NUST

100 ## - HEADING--PERSONAL NAME

  • Personal name: Shaffer, Jim G.,
  • Dates associated with a name: 1944-

670 ## - SOURCE DATA FOUND

  • Source citation: Work cat.: (NUST)0: Shaffer, Jim G., 1944-, Prehistoric Baluchistan, with excavation report on Said Qala Tepe /, 1978.
© 2023 Central Library, National University of Sciences and Technology. All Rights Reserved.